Dispute avoidance (Record no. 78382)
[ view plain ]
| 000 -LEADER | |
|---|---|
| fixed length control field | 01080cab a2200193 4500 |
| 001 - CONTROL NUMBER | |
| control field | ##L136637 |
| 008 - FIXED-LENGTH DATA ELEMENTS--GENERAL INFORMATION | |
| fixed length control field | 070213n2007 000 0 eng u |
| 035 ## - SYSTEM CONTROL NUMBER | |
| System control number | (Sirsi) u136637 |
| 041 0# - LANGUAGE CODE | |
| Language code of text/sound track or separate title | eng |
| 100 1# - MAIN ENTRY--PERSONAL NAME | |
| Personal name | Brewer, Geoff |
| 245 00 - TITLE STATEMENT | |
| Title | Dispute avoidance |
| 260 ## - PUBLICATION, DISTRIBUTION, ETC. | |
| Date of publication, distribution, etc. | 2007 |
| 490 #0 - SERIES STATEMENT | |
| Series statement | Contract Journal |
| Volume/sequential designation | 437(6611) 7 February 2007, 22(1) |
| 520 ## - SUMMARY, ETC. | |
| Summary, etc. | Reviews some of the methods of dispute avoidance used to reduce conflict on construction projects. Notes that there are two main types of dispute avoidance: management methods aimed at reducing risk, and non-escalation mechanisms. In particular, examines structured negotiation, contractual third party intervention, and dispute boards. Concludes that the growing use of dispute avoidance techniques, as revealed by a recent study by Grant Thornton, shows that the construction industry is aware of the advantages of preventing disputes from escalating. |
| 590 ## - LOCAL NOTE (RLIN) | |
| Local note | KA |
| 651 #4 - SUBJECT ADDED ENTRY--GEOGRAPHIC NAME | |
| Geographic name | United Kingdom |
| Chronological subdivision | |
| 690 ## - LOCAL SUBJECT ADDED ENTRY--TOPICAL TERM (OCLC, RLIN) | |
| Topical term or geographic name as entry element | MANAGEMENT-DISPUTE AVOIDANCE, MANAGEMENT AND RESOLUTION-DISPUTE MANAGEMENT AND RESOLUTION |
| 942 ## - ADDED ENTRY ELEMENTS (KOHA) | |
| Suppress in OPAC | 0 |
| Withdrawn status | Lost status | Source of classification or shelving scheme | Damaged status | Not for loan | Home library | Current library | Shelving location | Date acquired | Total Checkouts | Full call number | Barcode | Date last seen | Copy number | Price effective from | Koha item type |
|---|---|---|---|---|---|---|---|---|---|---|---|---|---|---|---|
| Dewey Decimal Classification | London | London | Journal article | 13/02/2007 | L136637 | 136637-1001 | 06/08/2019 | 1 | 06/08/2019 | Journal article |